000 00589nam a2200229Ia 4500
005 20250425160704.0
008 250425s9999 xx 000 0 und d
020 _a9978860185
041 _aspa
043 _aec
082 _a928.866
100 _aCAICEDO, MANUEL JOSE
245 0 _aCRONISTAS DE LA INDEPENDENCIA Y DE LA REPUBLICA
250 _a1A ED.
260 _aEcuador
_bCORPORACION DE ESTUDIOS Y PUBLICACIONES
_c1989
260 _aQUITO
300 _a650
650 _aCRONISTAS ECUATORIANOS
650 _aHISTORIADORES ECUATORIANOS
942 _c01
010 _a2364
999 _c194156
_d194156